The energy crisis
Αποθηκεύτηκε σε:
| Κύριος συγγραφέας: | |
|---|---|
| Μορφή: | Βιβλίο |
| Γλώσσα: | English |
| Δημοσίευση: |
Harlow :
Longman,
1980
|
| Σειρά: | Longman structural readers. Non-fiction ;
; Stage 4 |
| Θέματα: | |
| Ετικέτες: |
Προσθήκη ετικέτας
Δεν υπάρχουν, Καταχωρήστε ετικέτα πρώτοι!
|
MARC
| LEADER | 00000nam a2200000 i 4500 | ||
|---|---|---|---|
| 001 | 1/36002 | ||
| 008 | 960401s1980 eng d | ||
| 020 | |a 0582538343 | ||
| 035 | |l 10024402 | ||
| 040 | |a GR-MY-UA |b gre |e aacr | ||
| 041 | 0 | |a eng | |
| 082 | 0 | |a 428.64 | |
| 100 | 1 | |a Walsh, Gordon. | |
| 245 | 1 | 4 | |a The energy crisis |
| 260 | |a Harlow : |b Longman, |c 1980 | ||
| 300 | |a 74 p. | ||
| 490 | 1 | |a Longman structural readers. Non-fiction |v ; Stage 4 | |
| 650 | 0 | 0 | |a English language |x Readers. |
| 650 | 0 | 0 | |a English language |v Textbooks for foreign speakers. |
| 830 | 0 | |a Longman structural readers. Non-fiction ; |v ; Stage 4 | |
| 852 | |a INST |b CHIOS |e 19960401 |h 428.64 WAL |p 005200004832 |q 005200004832 |t BK |y 0 | ||
| 852 | |a INST |b CHIOS |e 19960401 |h 428.64 WAL |p 005200004835 |q 005200004835 |t BK |y 0 | ||
| 852 | |a INST |b CHIOS |e 19960401 |h 428.64 WAL |p 005200004836 |q 005200004836 |t BK |y 0 | ||
| 909 | |a Χ |b 002220 | ||
| 909 | |a Χ |b 002221 | ||
| 909 | |a Χ |b 002222 | ||